000 00333 a2200157 4500
001 50130
020 _a
040 _cAnchieta - Bela Vista
100 _aVeloso, Mabel
240 1 0 _aBonequinhos de papel
_lpor
245 1 0 _aBonequinhos de papel
300 _a44
362 0 _a2005
650 4 _aLiteratura infantil
942 _cBK
999 _c50130
_d50130